000 00408nam a2200133Ia 4500
008 100328s9999 xx 000 0 und d
082 _b17186
100 _aसुदर्शन
245 _aसुदर्शन सुमन
260 _bराजपाल अॅन्ड सन्स
630 _aसुदर्शन सुमन
730 _aसुदर्शन सुमन
942 _cBOOK
999 _c511800
_d511797